书目信息 |
| 题名: |
大衰退
|
|
| 作者: | 弗里德曼 , 施瓦茨 著 ;雨珂 译 | |
| 分册: | ||
| 出版信息: | 北京 中信出版社 2008 |
|
| 页数: | 47,158页 | |
| 开本: | 25cm | |
| 丛书名: | ||
| 单 册: | ||
| 中图分类: | F171.244 | |
| 科图分类: | ||
| 主题词: | 经济危机--研究--美国--1929~1933 , 经济危机 | |
| 电子资源: | ||
| ISBN: | 978-7-5086-1360-4 | |
| 000 | 01127nam0 2200289 45 | |
| 001 | 1029894722 | |
| 005 | 20100428144651.23 | |
| 010 | @a978-7-5086-1360-4@dCNY30.00 | |
| 100 | @a20100420d20082009em y0chiy50 ea | |
| 101 | 1 | @achi@ceng |
| 102 | @aCN@b110000 | |
| 105 | @ay z 000yy | |
| 106 | @ar | |
| 200 | 1 | @a大衰退@ADa Shuai Tui@e1929~1933@dThe great contraction : 1929~1933@f(美)米尔顿·弗里德曼,(美)安娜·雅各布森·施瓦茨著@F( Mei ) Mi Er Dun· Fu Li De Man, ( Mei ) An Na· Ya Ge Bu Sen· Shi Wa Ci Zhu@g雨珂译@zeng |
| 210 | @a北京@c中信出版社@d2008 | |
| 215 | @a47,158页@d25cm | |
| 300 | @a中信金融前沿 06 | |
| 330 | @a本书深刻剖析了20世纪最惨烈的一次经济衰退,并对美联储当时失败的货币政策进行了深入分析。 | |
| 510 | 1 | @aGreat contraction : 1929~1933@zeng |
| 606 | 0 | @a经济危机@x研究@y美国@z1929~1933 |
| 606 | 0 | @a经济危机 |
| 690 | @aF171.244@v4 | |
| 701 | 1 | @a弗里德曼@AFu Li De Man@g(Friedman,Milton@f1912~2006)@4著 |
| 701 | 1 | @a施瓦茨@AShi Wa Ci@g(女,Schwartz, Anna Jacobson@f1915~)@4著 |
| 702 | 0 | @a雨珂@AYu Ke@4译 |
| 801 | 0 | @aCN@bTANGWEI@c20100428 |
| 905 | @b0593846-49@dF171.244@e159@f4 | |
| 大衰退:1929~1933=The great contraction : 1929~1933/(美)米尔顿·弗里德曼,(美)安娜·雅各布森·施瓦茨著/雨珂译.-北京:中信出版社,2008 |
| 47,158页;25cm |
| 中信金融前沿 06 |
| ISBN 978-7-5086-1360-4:CNY30.00 |
| 本书深刻剖析了20世纪最惨烈的一次经济衰退,并对美联储当时失败的货币政策进行了深入分析。 |
| ● |
| 相关链接 |
|
|
|
|
正题名:大衰退
索取号:F171.244/159
 
预约/预借
| 序号 | 登录号 | 条形码 | 馆藏地/架位号 | 状态 | 备注 |
| 1 | 0593846 | 205938468 | 第一样本阅览室/ [索取号:F171.244/159] | 在馆 | |
| 2 | 0593847 | 205938477 | 第一借阅区/ [索取号:F171.244/159] | 在馆 | |
| 3 | 0593848 | 205938486 | 第一借阅区/ [索取号:F171.244/159] | 在馆 | |
| 4 | 0593849 | 205938495 | 第一借阅区/ [索取号:F171.244/159] | 在馆 |